000
00301nam a22001337a 4500
020
_a
9780876142595
041
_a
eng
080
_a
52
090
_b
HAS
100
_a
Haskins, Jim and Kathleen Benson.
245
_a
Space Challenger: The Story of Guion Bluford.
650
_a
Science
999
_c
279448
_d
279448
942
_c
BK